AIDS, women and the next generation: towards a morally acceptable public policy for HIV testing for pregnant women and newborns. / (Record no. 2149)
[ view plain ]
| 000 -LEADER | |
|---|---|
| fixed length control field | 02056nam a22002297a 4500 |
| 008 - FIXED-LENGTH DATA ELEMENTS--GENERAL INFORMATION | |
| fixed length control field | 120823t xxu||||| |||| 00| 0 eng d |
| 020 ## - INTERNATIONAL STANDARD BOOK NUMBER | |
| International Standard Book Number | 0195065727 |
| 050 ## - LIBRARY OF CONGRESS CALL NUMBER | |
| Classification number | RG580. A44.A35 |
| 100 ## - MAIN ENTRY--PERSONAL NAME | |
| Personal name | Faden, Ruth |
| 245 ## - TITLE STATEMENT | |
| Title | AIDS, women and the next generation: towards a morally acceptable public policy for HIV testing for pregnant women and newborns. / |
| Statement of responsibility, etc. | Ruth Faden |
| 260 ## - PUBLICATION, DISTRIBUTION, ETC. | |
| Place of publication, distribution, etc. | New York: |
| Name of publisher, distributor, etc. | Oxford Univ.Press, |
| Date of publication, distribution, etc. | 1991. |
| 300 ## - PHYSICAL DESCRIPTION | |
| Extent | xix, 374 p.: |
| Dimensions | 24cm. |
| 500 ## - GENERAL NOTE | |
| General note | Includes index. |
| 505 ## - FORMATTED CONTENTS NOTE | |
| Formatted contents note | Contents: Warrants for screening programs: Public health, legal and ethical frameworks -- Public health and medical issues: Public health and clinical aspects of HIV infection and disease in women and children in the United States -- A History of prenatal and newborn screening programs: Lessons for the future -- HIV infection and obstric care -- Maternal and newborn HIV Screening: implications for children and families -- Legal issues: Prenatal and newborn screening: state legislative approaches and current practice standards -- Legal issues in non-voluntary prenatal HIV screening -- Legal issues in voluntary screening for HIV infection inpregnant women -- Legal protections of confidential medical information and need for antidiscrimination laws -- Ethical and social issues: Screening newborns for HIV : ethical and legal aspects -- Ethical issues in HIV testing during pregnancy -- Informed consent of prenatal HIV testing -- Reproduction decision making in the context of HIV : the case for nondirective counseling -- Conclusion: HIV infection, pregnant woment and newborns: a policy proposal for information and testing. |
| 650 ## - SUBJECT ADDED ENTRY--TOPICAL TERM | |
| Topical term or geographic name entry element | AIDS (Disease) in pregnancy |
| General subdivision | Diagnosis |
| -- | Government policy |
| -- | United States. |
| 650 ## - SUBJECT ADDED ENTRY--TOPICAL TERM | |
| Topical term or geographic name entry element | AIDS (Disease) in infants -- Diagnosis -- Government policy -- United States. |
| General subdivision | AIDS (Disease) in infants |
| -- | Diagnosis |
| -- | Government policy |
| 650 ## - SUBJECT ADDED ENTRY--TOPICAL TERM | |
| Topical term or geographic name entry element | Humans |
| General subdivision | AIDS |
| -- | Policies |
| -- | Of |
| -- | Government. |
| 700 ## - ADDED ENTRY--PERSONAL NAME | |
| Personal name | Faden, Ruth R. |
| 700 ## - ADDED ENTRY--PERSONAL NAME | |
| Personal name | Geller, Gail |
| 700 ## - ADDED ENTRY--PERSONAL NAME | |
| Personal name | Powers, Madison |
| 942 ## - ADDED ENTRY ELEMENTS (KOHA) | |
| Source of classification or shelving scheme | Library of Congress Classification |
| Koha item type | Books |
| Withdrawn status | Lost status | Source of classification or shelving scheme | Damaged status | Not for loan | Home library | Current library | Date acquired | Total Checkouts | Full call number | Barcode | Date last seen | Copy number | Price effective from | Koha item type |
|---|---|---|---|---|---|---|---|---|---|---|---|---|---|---|
| Library of Congress Classification | WISCONSIN INTERNATIONAL UNIVERSITY COLLEGE, GHANA - MAIN LIBRARY | WISCONSIN INTERNATIONAL UNIVERSITY COLLEGE, GHANA - MAIN LIBRARY | 23/08/2012 | RG580. A44.A35 | 6028/12 | 23/08/2012 | 1 | 23/08/2012 | Books |
